| 000 | 01170nam a2200217 a 4500 | ||
|---|---|---|---|
| 001 | 15194 | ||
| 003 | CO-ViMGA | ||
| 008 | 141112s2004 ck r 000 u spa d | ||
| 020 | _a9589400442 | ||
| 040 |
_aCO-ViMGA _bspa _cCO-ViMGA |
||
| 082 | 0 | 4 | _a614 B515 |
| 100 | 1 |
_aBlanco Restrepo, Jorge Humberto; Maya Mejia, Jose Maria _922065 |
|
| 245 | 1 | 0 |
_aAdministración de servicios de salud : _bTomo II |
| 260 |
_aMedellín, _cCib, _c1999 |
||
| 300 | _a182.p. | ||
| 490 | _aFundamentos de salud pública | ||
| 505 | _aAdministración general Sistemas de servicios de salud Aspectos financieros sobre la atencion de la salud Planificación de los servicios de salud Evaluación de los servicios de salud El mercado de los servicios de salud El hospital como organización Calidad en el servicio hospitalario Organización y evaluación de servicios hospitalarios Gestión humana en una institución de servicios de salud Finanzas hospitalarias Gerencia - servicios de salud Modelo metodológico para la evaluación y mejoramiento de los servicios hospitalarios | ||
| 650 | 1 | 4 |
_aADMINISTRACION - SERVICIOS DE SALUD _922066 |
| 650 | 1 | 4 |
_aSALUD PUBLICA _9454 |
| 942 |
_2ddc _cBK |
||
| 999 |
_c25568 _d25568 |
||